000
00332nam a2200145 a 4500
001
0615
005
20140414131920.0
008
040201s19uu xx 00 eng d
020
_a
0-553-15573-3
050
_a
ER
_b
Ov2 1987
245
_a
Over in the meadow.
260
_b
Bantam,
_c
1987.
300
_a
p. ; cm.
999
_c
111712
_d
111712